History Quiz

Random History or Country Quiz

Country by Historical Painting Quiz Stats

Quiz Updated Nov 5, 2014

Challenge
Share
Tweet
Score 0/25 Timer 05:00
2 Plays Today
% Correct
Japan
98.5%
France
97.9%
Greece
96.5%
United States
95.3%
Spain
92.5%
Russia
92.1%
Italy
90.1%
Israel and Palestine
89.6%
United Kingdom
89.2%
China
88.6%
India
88.1%
Egypt
83%
Vatican City
82.6%
% Correct
Canada
71%
Mexico
69.8%
Austria
69.7%
Netherlands
67%
Turkey
64.1%
Belgium
63%
South Africa
61.8%
Germany
59.7%
Tunisia
50.7%
Australia
49.9%
Ukraine
38.9%
Bahamas
32.9%

You're not logged in!

Compare scores with friends on all Sporcle quizzes.
Join for Free
OR
Log In

You Might Also Like...

Show Comments

Extras

Top Quizzes Today


Score Distribution

Your Account Isn't Verified!

In order to create a playlist on Sporcle, you need to verify the email address you used during registration. Go to your Sporcle Settings to finish the process.

Report this User

Report this user for behavior that violates our Community Guidelines.

Details: